Statistics for North and South American Countries by GDP

Click here to take the quiz!

General Stats

  • This quiz has been taken 759 times
  • The average score is 10 of 10

Answer Stats

GDPCountry% Correct
477,028Argentina
99%
2,254,109Brazil
99%
1,821,445Canada
99%
1,183,655Mexico
99%
16,244,600United States
99%
268,314Chile
97%
204,681Peru
95%
369,813Colombia
92%
382,424Venezuela
92%
87,495Ecuador
82%

Score Distribution

Percentile by Number Answered

Percent of People with Each Score

Your Score History

You have not taken this quiz